<?xml version="1.0" encoding="UTF-8"?>
<marc:record xmlns:marc="http://www.loc.gov/MARC21/slim">
   <marc:leader>00000nam a2200000 a 4500</marc:leader>
   <marc:datafield ind1="0" ind2="0" tag="245">
      <marc:subfield code="a">Gespensterjäger ... im Feuerspuk</marc:subfield>
   </marc:datafield>
   <marc:datafield ind1=" " ind2="1" tag="264">
      <marc:subfield code="a">Bindlach</marc:subfield>
   </marc:datafield>
   <marc:datafield ind1="1" ind2=" " tag="490">
      <marc:subfield code="a">Gespensterjäger</marc:subfield>
   </marc:datafield>
   <marc:datafield ind1="1" ind2=" " tag="520">
      <marc:subfield code="a">Ein neuer Auftrag für die Gespensterjäger Hedwig Kümmelsaft, Tom Tomsky und Hugo: Sie werden von Hoteldirektor Wichtigmann um hilfe gebeten.Aus den Wasserhähnen des Hotels Strandperle schießt heißes Wasser, die klimaanlage spielt verrückt und die Gästre werden von unberechenbaren Feuergeistern bedroht! Die drei Gruselexperten glauben, dass sich dieses Problem im Handumdrehen lösen lässt. Doch weit gefehlt: Im vierten Stock des Luxuxhotels haust eines der gefährlichsten Gespenster, die es gibt: Ein so genannter GRUBLIGEL, ein grauenhaft, unbesiegbarer Blitzgeist! Jetzt ist guter Rat teuer ....</marc:subfield>
   </marc:datafield>
   <marc:datafield ind1=" " ind2=" " tag="041">
      <marc:subfield code="a">ger</marc:subfield>
   </marc:datafield>
   <marc:datafield ind1=" " ind2=" " tag="338">
      <marc:subfield code="a">Band</marc:subfield>
   </marc:datafield>
   <marc:datafield ind1=" " ind2=" " tag="300">
      <marc:subfield code="a">61 Seiten</marc:subfield>
   </marc:datafield>
</marc:record>
